Sociokulturní přístup managementu k etickému podnikání
Analýza postoja manažmentu k dodržiavaniu etických princípov v správaní voči zamestnancom. Základné postoje zamestnancov nadnárodných firiem k etickému správaniu manažmentu a nastaveniu firemnej kultúry v ktorej pracujú.
Salvato in:
| Autore principale: | |
|---|---|
| Natura: | Capitolo di libro |
| Lingua: | ceco |
| Soggetti: | |
| Tags: |
Nessun Tag, puoi essere il primo ad aggiungerne!!
|
MARC
| LEADER | 00000naa a2200000 4500 | ||
|---|---|---|---|
| 001 | 0248636 | ||
| 005 | 20221104111534.0 | ||
| 041 | 0 | |a cze | |
| 044 | |a CZ | ||
| 245 | 1 | 0 | |a Sociokulturní přístup managementu k etickému podnikání |c Marek Merhaut |
| 520 | |a Analýza postoja manažmentu k dodržiavaniu etických princípov v správaní voči zamestnancom. Základné postoje zamestnancov nadnárodných firiem k etickému správaniu manažmentu a nastaveniu firemnej kultúry v ktorej pracujú. | ||
| 610 | 2 | 0 | |a kultúra podniková |
| 610 | 2 | 0 | |a manažment |
| 610 | 2 | 0 | |a etika podnikateľská |
| 610 | 2 | 0 | |a prostredie podnikateľské |
| 610 | 2 | 0 | |a prostredie podnikové |
| 610 | 2 | 0 | |a zodpovednosť spoločenská |
| 100 | 1 | |a Merhaut, Marek | |